000 00658nam a2200277Ia 4500
005 20260324141106.0
008 008 260324s9999 xx 000 0 eng d
020 _a9780203766248
037 _aEBOOK
040 _aCRL
040 _beng
040 _cCRL
041 _2eng
041 _aeng
084 _qCRL
100 _aGayle McCracken Tuttle; Dianne Rush Woods
_91206888
245 4 _aThe Managed Care Answer Book
260 _bTaylor and Francis
260 _c1997
365 _a
365 _b220
856 _uhttp://www.taylorfrancis.com/books/9780203766248
942 _cEBOOK
999 _c1809620
_d1809620